Avengers: Infinity War/Endgame Deaths - Statistics

General Stats
  • This quiz has been taken 485 times
    434 since last reset
  • The average score is 21 of 43
Answer Stats
Name % Correct
CEO Anthony E. 'Tony' Stark/Iron Man
91%
Peter B. Parker/Spider-Man
88%
Agt. Natalia A. 'Natasha' Romanoff/Black Widow
86%
Gamora
85%
Samuel 'Sam' Wilson/Falcon
84%
Thanos
84%
Groot
83%
King T'Challa of Wakanda/Black Panther
83%
Vision
80%
Peter J. Quill/Star-Lord
79%
Drax
78%
James B. 'Bucky' Barnes/The Winter Soldier
76%
Loki Laufeyson
75%
Dr. Stephen Strange/Doctor Strange
74%
Wanda Maximoff/Scarlet Witch
72%
Mantis
68%
Dir. Nicholas 'Nick' Fury
66%
Dir. Maria Hill
60%
Dr. Henry 'Hank' Pym/Ant-Man I
58%
Hope Van Dyne/Wasp II
56%
Heimdall
55%
Janet Van Dyne/Wasp I
55%
Ebony Maw
53%
Princess Shuri of Wakanda
51%
Proxima Midnight
49%
Nebula
47%
Cull Obsidian
46%
Corvus Glaive
43%
Laura Barton
25%
Michelle 'M.J.' Jones
22%
Nathaniel Barton
22%
Edward 'Ned' Leeds
21%
Lila Barton
20%
Cooper Barton
16%
Taneleer Tivaner/The Collector
15%
May Parker
14%
Eugene 'Flash' Thompson
10%
Elizabeth 'Betty' Brant
8%
Agt. Sharon Carter
6%
Dr. Erik Selvig
6%
Elizabeth 'Betty' Ross
6%
Lady Sif of Asgard
3%
Abraham 'Abe' Brown
1%
No matching quizzes found
Score Distribution
Percent of People with Each Score
Percentile by Number Answered
Your Score History
You have not taken this quiz since the last reset